000 01056cac a2200313 i 4500
003 EG-GICUC
005 20260121101545.0
008 131017s2014 mau frb 001 0 eng d
020 _a9780124078178
_qalk. paper
040 _aDLC
_beng
_cDLC
_erda
_dDLC
_dEG-GICUC
050 0 0 _aHV8079.C65
_bS55 2014
082 0 0 _a343.41
_221
092 0 4 _221
099 _aLaw 10 2014
100 1 _aShipley, Todd G.,
_eauthor.
245 1 0 _aInvestigating internet crimes :
_ban introduction to solving crimes in cyberspace /
_cTodd Shipley, Art Bowker ; technical editor, Nick Selby.
264 1 _aWaltham, MA :
_bSyngress,
_c2014.
300 _axxiii, 472 pages ;
_c24 cm
336 _atext
_2rdacontent
337 _aunmediated
_2rdamedia
338 _avolume
_2rdacarrier
504 _aIncludes bibliographical references and index.
650 0 _aComputer crimes
_xInvestigation.
700 1 _aBowker, Art.
700 1 _aSelby, Nick,
_eeditor.
856 4 0 _uhttps://fll.law.cu.edu.eg/fulltext/bks/ENGB10-00111.pdf
905 _a10
942 _2ddc
_cBK
_e21
_n0
999 _c52958
_d52958